L'année 2005 - Statistiques

Statistiques générales
  • Ce quiz a été pris 58 fois
  • Le résultat moyen est 10 sur 28
Statistiques - réponses
Hint Réponse % Correct
Dans quel pays, Angela Merkel est élue chancelière le 22 novembre 2005 ? Allemagne
98%
Avec Dailymotion, quelle autre plate-forme de streaming est lancée en 2005 ? YouTube
96%
Quel joueur de tennis remporte pour la première fois Roland-Garros ? Rafael Nadal
78%
Quel pape est mort cette année ? Jean Paul II
71%
Quelle figure emblématique de la lutte contre la ségrégation raciale aux États-Unis est morte le 24 octobre 2005 ? Rosa Parks
67%
Quel acteur, ayant joué dans La Soupe aux choux ou dans Le Dîner de cons est mort le 28 janvier 2005 ? Jacques Villeret
65%
Comment s'appelle l'ouragan ayant ravagé l'Atlantique nord en août 2005, étant un des ouragans les plus forts jamais enregistré ? Katrina
59%
Combien de chaînes gratuites sont lancées grâce à l'arrivée de la TNT le 31 mars 2005 en France ? 14
57%
Quel chanteur français, connu pour Les Corons ou encore Elle est d'ailleurs est mort cette année ? Pierre Bachelet
53%
Quel sport tiré d'une saga littéraire a été créé en 2005 ? Quidditch moldu
51%
Quel pays a réalisé pour la première fois mondial, une greffe de visage sur une femme mordue par un chien ? France
39%
Depuis quel aéroport, le premier Airbus A380 décolle-t-il ? Toulouse-Blagnac
33%
Dans quel pays, Evo Morales est-il élu président de la République le 18 décembre 2005 ? Bolivie
31%
Qui Dominique de Villepin remplace-t-il le 31 mai 2005 quand il est nommé Premier Ministre ? Jean-Pierre Raffarin
31%
Comment s'appelle le prince de Monaco mort cette année ? Rainier III
24%
Avec la France, quel autre pays a refusé au référendum un projet de Constitution européenne, appelé traité de Rome II ? Pays-Bas
22%
Quel accord international voulant réduire les émissions de gaz à effet de serre signé en 1997 est rentré en vigueur en 2005 ? Protocole de Kyoto
22%
Quel nom florale a été donné à la révolution ayant renversé le président kirghize, Askar Akaïev ? Révolution des Tulipes
18%
Dans quel pays d'Europe a-t-on trouvé le virus de la grippe H5N1 en premier, faisant sa première apparition en Europe ? Russie
18%
Dans quelle commune, Sarkozy déclare t-il vouloir « nettoyer le quartier au Kärcher » après la mort de Sidi Ahmed ? La Courneuve
16%
Quelle journaliste française a été retenue en otage pendant 5 mois après un reportage en Irak ? Florence Aubenas
12%
Qui devient la première femme présidente du MEDEF le 5 juillet 2005 ? Laurence Parisot
12%
Qui remporte l'élection présidentielle le 9 janvier 2005 en Palestine ? Mahmoud Abbas
12%
Comment s'appelle la première femme française ayant traversée l'océan Pacifique à la rame et sans assistance ? Maud Fontenoy
12%
Dans quelle commune, Zyed Benna et Bouna Traoré sont-ils morts électrocutés causant les émeutes dans les banlieues ? Clichy-sous-Bois
8%
Comment s'appelle le nouveau président polonais élu le 23 décembre 2005 ? Lech Kaczyński
4%
Comment s'appelait la série de concerts ayant lieu dans les pays membres du G8 qui appelait à effacer la dette publique des pays les plus pauvres ? Live 8
2%
Comment s'appelle le rapport sur l'évolution de la production de pétrole montrant une flambée des prix dans le futur ? Rapport Hirsch
2%
Aucun quiz correspondant
Distribution des résultats
% des personnes avec chaque résultat
Percentile par nombre de réponses
Votre historique - résultats
Vous n’avez pas pris ce quiz